[Event "Steinthor Baldursson memorial 2018"]
[Site "?"]
[Date "2018.01.04"]
[Round "2"]
[White "Johannsson, Birkir Isak"]
[Black "Mai, Alexander Oliver"]
[Result "1-0"]
[WhiteElo "1760"]
[BlackElo "1970"]
[PlyCount "125"]
[EventDate "2018.??.??"]
[EventType "swiss"]
[EventCountry "ISL"]
[SourceTitle "Kopavogur"]
[TimeControl "5400+30"]
[WhiteClock "0:04:34"]
[BlackClock "0:06:43"]

1. d4 {[%emt 0:03:10]} Nf6 {[%emt 0:00:04]} 2. c4 {[%emt 0:00:39]} e6 {[%emt 0:00:11]} 3. Nf3 {[%emt 0:00:09]} d5 {[%emt 0:00:07]} 4. Nc3 {[%emt 0:00:07]} Be7 {[%emt 0:00:06]} 5. Bg5 {[%emt 0:00:33]} h6 {[%emt 0:00:14]} 6. Bh4 {[%emt 0:00:05]} O-O {[%emt 0:00:06]} 7. e3 {[%emt 0:00:18]} b6 {[%emt 0:00:14]} 8. Be2 {[%emt 0:00:18]} Bb7 {[%emt 0:00:09]} 9. cxd5 {[%emt 0:00:47]} exd5 {[%emt 0:00:36]} 10. O-O {[%emt 0:01:49]} Nbd7 {[%emt 0:02:32]} 11. Rc1 {[%emt 0:00:37]} Re8 {[%emt 0:03:01]} 12. a3 {[%emt 0:05:05]} a5 {[%emt 0:05:29]} 13. Qc2 {[%emt 0:01:47]} Rc8 {[%emt 0:04:43]} 14. h3 {[%emt 0:02:49]} c6 {[%emt 0:05:41]} 15. Qb1 {[%emt 0:02:21]} Bd6 {[%emt 0:03:09]} 16. Bxf6 {[%emt 0:01:24]} Nxf6 {[%emt 0:01:23]} 17. b4 {[%emt 0:02:30]} axb4 {[%emt 0:00:35]} 18. axb4 {[%emt 0:00:11]} b5 {[%emt 0:01:09]} 19. Qb3 {[%emt 0:02:35]} Qe7 {[%emt 0:01:09]} 20. Rb1 {[%emt 0:00:29]} Ra8 {[%emt 0:03:38]} 21. Ne1 {[%emt 0:02:16]} Bc8 {[%emt 0:05:21]} 22. Nd3 {[%emt 0:04:19]} Bf5 {[%emt 0:01:37]} 23. Rb2 {[%emt 0:00:55]} Bxd3 {[%emt 0:01:50]} 24. Bxd3 {[%emt 0:00:48]} Bc7 {[%emt 0:04:59]} 25. Re1 {[%emt 0:04:09]} Qd6 {[%emt 0:01:35]} 26. g3 {[%emt 0:04:40]} h5 {[%emt 0:04:35]} 27. h4 {[%emt 0:01:10]} Re7 {[%emt 0:08:28]} 28. Bf1 {[%emt 0:01:49]} Bb6 {[%emt 0:01:44]} 29. Reb1 {[%emt 0:01:37]} Ng4 {[%emt 0:02:52]} 30. Ne2 {[%emt 0:02:05]} Bc7 {[%emt 0:03:29]} 31. Nf4 {[%emt 0:03:12]} Qh6 {[%emt 0:01:46]} 32. Ng2 {[%emt 0:01:31]} Qf6 {[%emt 0:02:08]} 33. Qd3 {[%emt 0:07:14]} Re6 {[%emt 0:05:11]} 34. Rc2 {[%emt 0:02:32]} Bd6 {[%emt 0:02:21]} 35. Qd2 {[%emt 0:01:00]} Bc7 {[%emt 0:01:42]} 36. Rbc1 {[%emt 0:04:12]} Bd6 {[%emt 0:02:18]} 37. Rxc6 {[%emt 0:04:17]} Bxb4 {[%emt 0:03:26]} 38. Rc8+ {[%emt 0:00:16]} Re8 {[%emt 0:01:52]} 39. Rxe8+ {[%emt 0:00:54]} Rxe8 {[%emt 0:00:02]} 40. Qa2 {[%emt 0:08:52]} Bd6 {[%emt 0:04:46]} 41. Bxb5 {[%emt 0:01:39]} Rb8 {[%emt 0:00:06]} 42. Bd3 {[%emt 0:01:43]} Ba3 {[%emt 0:02:33]} 43. Rf1 {[%emt 0:02:14]} Qd6 {[%emt 0:02:38]} 44. Nf4 {[%emt 0:00:20]} Nf6 {[%emt 0:00:10]} 45. Rb1 {[%emt 0:01:25]} Bb4 {[%emt 0:01:11]} 46. Qa6 {[%emt 0:01:21]} Qc7 {[%emt 0:01:09]} 47. Kg2 {[%emt 0:03:16]} Rb6 {[%emt 0:01:20]} 48. Qa4 {[%emt 0:01:16]} Qd6 {[%emt 0:00:14]} 49. Rc1 {[%emt 0:01:00]} g6 {[%emt 0:01:08]} 50. Qc2 {[%emt 0:00:50]} Ng4 {[%emt 0:01:01]} 51. Qc8+ {[%emt 0:00:40]} Kg7 {[%emt 0:00:18]} 52. Be2 {[%emt 0:01:51]} Ba3 {[%emt 0:00:49]} 53. Rc7 {[%emt 0:00:38]} Nh6 {[%emt 0:01:45]} 54. Rd7 {[%emt 0:02:52]} Qb4 {[%emt 0:02:07]} 55. Nxd5 {[%emt 0:03:15]} Qd2 {[%emt 0:00:18]} 56. Nxb6 {[%emt 0:00:17]} Qxe2 {[%emt 0:00:04]} 57. Qc7 {[%emt 0:00:34]} Qg4 {[%emt 0:00:56]} 58. Qe5+ {[%emt 0:00:38]} Kh7 {[%emt 0:00:08]} 59. Rd8 {[%emt 0:01:31]} Ng8 {[%emt 0:00:25]} 60. Nd5 {[%emt 0:01:14]} g5 {[%emt 0:01:19]} 61. Rxg8 {[%emt 0:00:23]} Kxg8 {[%emt 0:00:26]} 62. Nf6+ {[%emt 0:00:08]} Kf8 {[%emt 0:00:03]} 63. Nxg4 {[%emt 0:00:11]} 1-0

[Event "Steinthor Baldursson memorial 2018"]
[Site "?"]
[Date "2018.01.04"]
[Round "2"]
[White "Fjallheim, Leif Reinert"]
[Black "Bannout, Edvin"]
[Result "1-0"]
[WhiteElo "1720"]
[BlackElo "1869"]
[PlyCount "111"]
[EventDate "2018.??.??"]
[EventType "swiss"]
[EventCountry "ISL"]
[SourceTitle "Kopavogur"]
[TimeControl "5400+30"]
[WhiteClock "0:01:08"]
[BlackClock "0:00:46"]

1. Nf3 {[%emt 0:00:00]} c5 {[%emt 0:00:00]} 2. g3 {[%emt 0:00:44]} g6 {[%emt 0:00:20]} 3. Bg2 {[%emt 0:01:53]} Bg7 {[%emt 0:00:02]} 4. d3 {[%emt 0:00:50]} Nc6 {[%emt 0:01:17]} 5. Nc3 {[%emt 0:04:05]} e6 {[%emt 0:04:01]} 6. e4 {[%emt 0:07:37]} Nge7 {[%emt 0:00:11]} 7. O-O {[%emt 0:02:59]} O-O {[%emt 0:01:02]} 8. Ne2 {[%emt 0:05:53]} e5 {[%emt 0:06:31]} 9. Be3 {[%emt 0:09:54]} b6 {[%emt 0:10:52]} 10. Ne1 {[%emt 0:06:17]} d5 {[%emt 0:04:00]} 11. c3 {[%emt 0:04:31]} Be6 {[%emt 0:07:20]} 12. Qc2 {[%emt 0:06:15]} Rc8 {[%emt 0:03:29]} 13. Rd1 {[%emt 0:03:56]} Qd7 {[%emt 0:05:17]} 14. f4 {[%emt 0:02:53]} Bh6 {[%emt 0:07:41]} 15. Bc1 {[%emt 0:02:43]} Bh3 {[%emt 0:07:20]} 16. f5 {[%emt 0:02:39]} Bxg2 {[%emt 0:07:18]} 17. Nxg2 {[%emt 0:03:00]} Bxc1 {[%emt 0:02:29]} 18. Qxc1 {[%emt 0:00:09]} f6 {[%emt 0:04:41]} 19. g4 {[%emt 0:02:39]} g5 {[%emt 0:01:45]} 20. Ng3 {[%emt 0:01:16]} Rcd8 {[%emt 0:01:57]} 21. Ne3 {[%emt 0:06:37]} d4 {[%emt 0:01:57]} 22. Nc2 {[%emt 0:01:29]} dxc3 {[%emt 0:00:37]} 23. bxc3 {[%emt 0:00:02]} b5 {[%emt 0:05:26]} 24. a3 {[%emt 0:02:15]} b4 {[%emt 0:02:18]} 25. axb4 {[%emt 0:00:55]} cxb4 {[%emt 0:00:22]} 26. cxb4 {[%emt 0:01:49]} Nxb4 {[%emt 0:01:02]} 27. Nxb4 {[%emt 0:05:21]} Qd4+ {[%emt 0:00:02]} 28. Rf2 {[%emt 0:01:12]} Qxb4 {[%emt 0:00:08]} 29. Nh5 {[%emt 0:03:58]} Qd4 {[%emt 0:04:38]} 30. h4 {[%emt 0:02:23]} h6 {[%emt 0:01:56]} 31. hxg5 {[%emt 0:00:58]} fxg5 {[%emt 0:02:20]} 32. Qa3 {[%emt 0:03:46]} Rd7 {[%emt 0:01:08]} 33. Qb3+ {[%emt 0:02:30]} Kh7 34. Qe6 {[%emt 0:01:21]} Qd6 {[%emt 0:01:43]} 35. Qxd6 {[%emt 0:00:07]} Rxd6 {[%emt 0:00:02]} 36. Ra2 {[%emt 0:01:12]} a6 {[%emt 0:00:48]} 37. Kf2 {[%emt 0:00:26]} Rfd8 {[%emt 0:00:21]} 38. Ke3 {[%emt 0:00:34]} Kg8 {[%emt 0:01:02]} 39. Ra3 {[%emt 0:00:54]} Kf7 {[%emt 0:00:46]} 40. Ng3 {[%emt 0:00:59]} Ng8 {[%emt 0:00:37]} 41. Nh5 {[%emt 0:00:53]} Nf6 {[%emt 0:01:48]} 42. Nxf6 {[%emt 0:00:12]} Kxf6 {[%emt 0:00:09]} 43. Rh1 {[%emt 0:00:37]} Kg7 {[%emt 0:00:45]} 44. Rc1 {[%emt 0:00:11]} R8d7 {[%emt 0:00:17]} 45. Rc5 {[%emt 0:00:41]} Kf6 {[%emt 0:00:12]} 46. Rc8 {[%emt 0:00:48]} Ra7 {[%emt 0:00:33]} 47. Rh8 {[%emt 0:00:29]} Kg7 {[%emt 0:00:19]} 48. Re8 {[%emt 0:00:33]} Kf6 {[%emt 0:00:10]} 49. Rg8 {[%emt 0:00:31]} Kf7 {[%emt 0:00:12]} 50. Rc8 {[%emt 0:00:28]} Kf6 {[%emt 0:00:50]} 51. Rc5 {[%emt 0:00:31]} Rad7 {[%emt 0:00:38]} 52. Rca5 {[%emt 0:00:26]} Ra7 {[%emt 0:00:54]} 53. R3a4 {[%emt 0:00:23]} h5 {[%emt 0:04:12]} 54. gxh5 {[%emt 0:00:14]} g4 {[%emt 0:00:26]} 55. d4 {[%emt 0:00:56]} exd4+ {[%emt 0:00:11]} 56. Kf4 {[%emt 0:00:20]} 1-0

[Event "Steinthor Baldursson memorial 2018"]
[Site "?"]
[Date "2018.01.04"]
[Round "2"]
[White "Apol, Luitjen Akselsson"]
[Black "Zarovs, Aleksandrs"]
[Result "0-1"]
[WhiteElo "1600"]
[BlackElo "1831"]
[PlyCount "90"]
[EventDate "2018.??.??"]
[EventType "swiss"]
[EventCountry "ISL"]
[SourceTitle "Kopavogur"]
[TimeControl "5400+30"]
[WhiteClock "0:58:05"]
[BlackClock "0:05:03"]

1. e4 {[%emt 0:00:00]} e5 {[%emt 0:00:00]} 2. Nc3 {[%emt 0:00:10]} Nf6 {[%emt 0:00:00]} 3. Bc4 {[%emt 0:00:29]} Nxe4 {[%emt 0:00:03]} 4. Nf3 {[%emt 0:02:46]} Nxc3 {[%emt 0:00:17]} 5. dxc3 {[%emt 0:00:08]} f6 {[%emt 0:01:33]} 6. O-O {[%emt 0:00:52]} d6 {[%emt 0:00:30]} 7. Re1 {[%emt 0:05:29]} Qe7 {[%emt 0:00:53]} 8. Be3 {[%emt 0:04:00]} Be6 {[%emt 0:01:47]} 9. Bxe6 {[%emt 0:02:32]} Qxe6 {[%emt 0:00:10]} 10. Nd4 {[%emt 0:02:27]} Qc8 {[%emt 0:03:30]} 11. Nf3 {[%emt 0:09:42]} c6 {[%emt 0:02:47]} 12. c4 {[%emt 0:02:09]} Be7 {[%emt 0:04:16]} 13. Nh4 {[%emt 0:12:07]} O-O {[%emt 0:02:11]} 14. f4 {[%emt 0:01:36]} f5 {[%emt 0:01:19]} 15. Qh5 {[%emt 0:02:22]} Bxh4 {[%emt 0:02:30]} 16. Qxh4 {[%emt 0:00:33]} Qe6 {[%emt 0:01:18]} 17. fxe5 {[%emt 0:01:04]} dxe5 {[%emt 0:00:42]} 18. Rad1 {[%emt 0:02:32]} Nd7 {[%emt 0:01:41]} 19. b3 {[%emt 0:05:55]} Nf6 {[%emt 0:00:57]} 20. Bc5 {[%emt 0:05:18]} Rfe8 {[%emt 0:03:15]} 21. Rd6 {[%emt 0:03:42]} Qf7 {[%emt 0:01:13]} 22. Red1 {[%emt 0:02:12]} f4 {[%emt 0:07:03]} 23. Ba3 {[%emt 0:05:07]} Qg6 {[%emt 0:02:09]} 24. R1d2 {[%emt 0:07:19]} Qf5 {[%emt 0:01:15]} 25. Re2 {[%emt 0:06:47]} Rad8 {[%emt 0:02:25]} 26. Qf2 {[%emt 0:03:17]} Rxd6 {[%emt 0:00:52]} 27. Bxd6 {[%emt 0:00:45]} Ne4 {[%emt 0:00:33]} 28. Rxe4 {[%emt 0:04:00]} Qxe4 {[%emt 0:00:12]} 29. h3 {[%emt 0:00:49]} Qg6 {[%emt 0:01:18]} 30. Ba3 {[%emt 0:00:56]} Qf5 {[%emt 0:01:17]} 31. Bc1 {[%emt 0:00:38]} Qd7 {[%emt 0:00:45]} 32. Qf3 {[%emt 0:01:52]} Rd8 {[%emt 0:00:59]} 33. Bb2 {[%emt 0:00:57]} Qd1+ {[%emt 0:00:42]} 34. Qxd1 {[%emt 0:00:09]} Rxd1+ {[%emt 0:00:02]} 35. Kh2 {[%emt 0:00:14]} Rd2 {[%emt 0:00:19]} 36. Bxe5 {[%emt 0:00:35]} f3 {[%emt 0:00:13]} 37. c3 {[%emt 0:02:25]} Rxg2+ {[%emt 0:00:13]} 38. Kh1 {[%emt 0:00:05]} Kf7 {[%emt 0:00:19]} 39. a4 {[%emt 0:00:29]} Ke6 {[%emt 0:00:16]} 40. Bd4 {[%emt 0:00:07]} a6 {[%emt 0:00:15]} 41. b4 {[%emt 0:00:40]} Kf5 {[%emt 0:00:23]} 42. a5 {[%emt 0:00:32]} Ke4 {[%emt 0:00:16]} 43. c5 {[%emt 0:00:18]} Kd3 {[%emt 0:00:28]} 44. Be5 {[%emt 0:00:56]} Ke2 {[%emt 0:01:01]} 45. Bd4 {[%emt 0:00:25]} Rg6 {[%emt 0:00:18]} 0-1

[Event "Steinthor Baldursson memorial 2018"]
[Site "?"]
[Date "2018.01.05"]
[Round "3"]
[White "Dijkhuis, Tycho"]
[Black "Tokranovs, Dmitrijs"]
[Result "0-1"]
[WhiteElo "2402"]
[BlackElo "2354"]
[PlyCount "56"]
[EventDate "2018.??.??"]
[EventType "swiss"]
[EventCountry "ISL"]
[SourceTitle "Kopavogur"]
[TimeControl "5400+30"]
[WhiteClock "0:22:08"]
[BlackClock "0:02:21"]

1. e4 {[%emt 0:00:00]} e5 {[%emt 0:00:00]} 2. f4 {[%emt 0:01:21]} exf4 {[%emt 0:02:03]} 3. Bc4 {[%emt 0:00:16]} Nf6 {[%emt 0:05:37]} 4. Nc3 {[%emt 0:00:47]} c6 {[%emt 0:08:43]} 5. d4 {[%emt 0:05:54]} Bb4 {[%emt 0:05:41]} 6. e5 {[%emt 0:05:48]} Ne4 {[%emt 0:00:11]} 7. Kf1 {[%emt 0:00:53]} Bxc3 {[%emt 0:07:03]} 8. bxc3 {[%emt 0:02:00]} d5 {[%emt 0:00:45]} 9. exd6 {[%emt 0:02:16]} O-O {[%emt 0:00:30]} 10. Bxf4 {[%emt 0:04:42]} Nxd6 {[%emt 0:03:39]} 11. Bd3 {[%emt 0:01:41]} Bf5 {[%emt 0:01:56]} 12. Nf3 {[%emt 0:06:08]} Bxd3+ {[%emt 0:08:04]} 13. Qxd3 {[%emt 0:00:59]} f5 {[%emt 0:02:31]} 14. Ng5 {[%emt 0:31:54]} Re8 {[%emt 0:04:41]} 15. Re1 {[%emt 0:02:37]} Rxe1+ {[%emt 0:02:03]} 16. Kxe1 {[%emt 0:00:04]} Nd7 {[%emt 0:04:10]} 17. Kd1 {[%emt 0:01:46]} Nb6 {[%emt 0:04:10]} 18. Qg3 {[%emt 0:22:43]} Ndc4 {[%emt 0:13:52]} 19. Re1 {[%emt 0:06:23]} Nd5 {[%emt 0:01:53]} 20. Bc1 {[%emt 0:00:06]} Qc7 {[%emt 0:00:51]} 21. Qh3 {[%emt 0:01:36]} h6 {[%emt 0:00:38]} 22. Ne6 {[%emt 0:00:32]} Qxh2 {[%emt 0:00:48]} 23. Qd3 {[%emt 0:00:29]} Qh5+ {[%emt 0:00:42]} 24. Re2 {[%emt 0:00:12]} Nde3+ {[%emt 0:00:37]} 25. Bxe3 {[%emt 0:00:19]} Nb2+ {[%emt 0:00:03]} 26. Kd2 {[%emt 0:00:08]} Nxd3 {[%emt 0:00:07]} 27. cxd3 Re8 {[%emt 0:00:19]} 28. Nf4 {[%emt 0:00:05]} Qg4 {[%emt 0:00:15]} 0-1

[Event "Steinthor Baldursson memorial 2018"]
[Site "?"]
[Date "2018.01.05"]
[Round "3"]
[White "Ragnarsson, Dagur"]
[Black "Birkisson, Bardur Orn"]
[Result "1/2-1/2"]
[WhiteElo "2332"]
[BlackElo "2190"]
[PlyCount "92"]
[EventDate "2018.??.??"]
[EventType "swiss"]
[EventCountry "ISL"]
[SourceTitle "Kopavogur"]
[TimeControl "5400+30"]
[WhiteClock "0:02:24"]
[BlackClock "0:01:43"]

1. d4 {[%emt 0:00:00]} d5 {[%emt 0:05:53]} 2. c4 {[%emt 0:00:00]} c6 {[%emt 0:00:23]} 3. Nf3 {[%emt 0:00:00]} Nf6 {[%emt 0:00:30]} 4. Nc3 {[%emt 0:00:00]} dxc4 {[%emt 0:00:27]} 5. a4 {[%emt 0:00:04]} Bf5 {[%emt 0:00:46]} 6. e3 {[%emt 0:00:07]} e6 {[%emt 0:00:17]} 7. Bxc4 {[%emt 0:00:05]} Bb4 {[%emt 0:00:19]} 8. O-O {[%emt 0:00:07]} Nbd7 {[%emt 0:00:30]} 9. Nh4 {[%emt 0:00:07]} O-O {[%emt 0:05:51]} 10. Nxf5 {[%emt 0:00:09]} exf5 {[%emt 0:02:17]} 11. Qc2 {[%emt 0:00:06]} g6 {[%emt 0:01:36]} 12. f3 {[%emt 0:00:06]} a5 {[%emt 0:13:29]} 13. Kh1 {[%emt 0:18:10]} Nb6 {[%emt 0:07:15]} 14. Bb3 {[%emt 0:00:11]} Re8 {[%emt 0:29:19]} 15. Bd2 {[%emt 0:11:49]} Bf8 {[%emt 0:04:59]} 16. Rad1 {[%emt 0:02:58]} Nbd5 {[%emt 0:04:40]} 17. e4 {[%emt 0:00:36]} Nb4 {[%emt 0:00:54]} 18. Qb1 {[%emt 0:00:24]} Bg7 {[%emt 0:04:46]} 19. exf5 {[%emt 0:01:48]} Nfd5 {[%emt 0:00:41]} 20. f4 {[%emt 0:12:43]} Bxd4 {[%emt 0:02:28]} 21. fxg6 {[%emt 0:02:52]} hxg6 {[%emt 0:00:23]} 22. f5 {[%emt 0:00:50]} Kg7 {[%emt 0:06:55]} 23. Rf3 {[%emt 0:14:52]} Rh8 {[%emt 0:02:01]} 24. Nxd5 {[%emt 0:05:50]} Nxd5 {[%emt 0:00:19]} 25. Bxd5 {[%emt 0:00:27]} cxd5 {[%emt 0:01:08]} 26. h3 {[%emt 0:10:12]} Qd7 {[%emt 0:01:18]} 27. Bg5 {[%emt 0:00:47]} Rh5 {[%emt 0:01:26]} 28. Rxd4 {[%emt 0:01:16]} Rxg5 {[%emt 0:00:07]} 29. f6+ {[%emt 0:01:02]} Kg8 {[%emt 0:00:20]} 30. Qc1 {[%emt 0:04:39]} Rh5 {[%emt 0:01:28]} 31. g4 {[%emt 0:00:03]} Rh8 {[%emt 0:01:22]} 32. Qg5 {[%emt 0:00:25]} Re8 {[%emt 0:00:37]} 33. Qxd5 {[%emt 0:01:23]} Qc7 {[%emt 0:01:05]} 34. Rd1 {[%emt 0:04:51]} Qc2 {[%emt 0:00:29]} 35. Rc3 {[%emt 0:03:21]} Qxb2 {[%emt 0:00:24]} 36. Qb5 {[%emt 0:00:59]} Qxb5 {[%emt 0:00:37]} 37. axb5 {[%emt 0:00:04]} Re6 {[%emt 0:00:29]} 38. Rd7 {[%emt 0:02:44]} Rxf6 {[%emt 0:00:13]} 39. Rxb7 {[%emt 0:00:05]} Kg7 {[%emt 0:00:30]} 40. Ra7 {[%emt 0:01:29]} a4 {[%emt 0:00:49]} 41. Rxa4 {[%emt 0:00:09]} Rf1+ {[%emt 0:00:05]} 42. Kg2 {[%emt 0:00:04]} Rb1 {[%emt 0:00:04]} 43. Ra5 {[%emt 0:00:32]} Rb8 {[%emt 0:00:30]} 44. Rc5 {[%emt 0:00:09]} Rb3 {[%emt 0:00:09]} 45. Ra7 {[%emt 0:02:23]} R3xb5 {[%emt 0:00:21]} 46. Rxb5 {[%emt 0:00:19]} Rxb5 {[%emt 0:00:07]} 1/2-1/2

[Event "Steinthor Baldursson memorial 2018"]
[Site "?"]
[Date "2018.01.05"]
[Round "3"]
[White "Johannesson, Oliver Aron"]
[Black "Thorhallsson, Simon"]
[Result "1/2-1/2"]
[WhiteElo "2277"]
[BlackElo "2040"]
[PlyCount "71"]
[EventDate "2018.??.??"]
[EventType "swiss"]
[EventCountry "ISL"]
[SourceTitle "Kopavogur"]
[TimeControl "5400+30"]
[WhiteClock "0:27:46"]
[BlackClock "0:24:05"]

1. d4 {[%emt 0:07:54]} Nf6 {[%emt 0:00:00]} 2. Nf3 {[%emt 0:00:55]} g6 {[%emt 0:00:16]} 3. Bf4 {[%emt 0:00:22]} Bg7 {[%emt 0:00:08]} 4. e3 {[%emt 0:00:04]} O-O {[%emt 0:00:08]} 5. Be2 {[%emt 0:00:05]} c5 {[%emt 0:00:17]} 6. c3 {[%emt 0:00:43]} b6 {[%emt 0:00:29]} 7. O-O {[%emt 0:01:29]} Bb7 {[%emt 0:00:07]} 8. Nbd2 {[%emt 0:00:28]} d5 {[%emt 0:01:08]} 9. a4 {[%emt 0:02:03]} Nc6 {[%emt 0:01:02]} 10. h3 {[%emt 0:00:41]} Nd7 {[%emt 0:03:09]} 11. Re1 {[%emt 0:01:39]} e5 {[%emt 0:03:16]} 12. dxe5 {[%emt 0:00:15]} Ndxe5 {[%emt 0:00:13]} 13. Nxe5 {[%emt 0:00:51]} Nxe5 {[%emt 0:00:10]} 14. a5 {[%emt 0:00:20]} Qe7 {[%emt 0:19:17]} 15. Nf3 {[%emt 0:04:16]} Bc6 {[%emt 0:06:03]} 16. Bf1 {[%emt 0:10:57]} Nxf3+ {[%emt 0:04:17]} 17. Qxf3 {[%emt 0:00:14]} Qe6 {[%emt 0:00:32]} 18. Qd1 {[%emt 0:01:24]} b5 {[%emt 0:04:57]} 19. a6 {[%emt 0:01:38]} b4 {[%emt 0:02:46]} 20. cxb4 {[%emt 0:08:24]} Bxb2 {[%emt 0:03:21]} 21. b5 {[%emt 0:00:14]} Bd7 {[%emt 0:01:11]} 22. Rb1 {[%emt 0:00:58]} Be5 {[%emt 0:06:00]} 23. Bxe5 {[%emt 0:12:07]} Qxe5 {[%emt 0:00:06]} 24. e4 {[%emt 0:00:35]} d4 {[%emt 0:01:15]} 25. Bc4 {[%emt 0:00:26]} Be6 {[%emt 0:03:57]} 26. Qd3 {[%emt 0:00:23]} Bxc4 {[%emt 0:02:16]} 27. Qxc4 {[%emt 0:00:13]} Rab8 {[%emt 0:00:18]} 28. f4 {[%emt 0:04:47]} Qc7 {[%emt 0:03:45]} 29. e5 {[%emt 0:00:43]} Rb6 {[%emt 0:00:48]} 30. Rbc1 {[%emt 0:04:26]} Qd7 {[%emt 0:02:57]} 31. Qxc5 {[%emt 0:04:43]} Rxb5 {[%emt 0:00:11]} 32. Qc6 {[%emt 0:06:20]} Rd8 {[%emt 0:02:29]} 33. Red1 {[%emt 0:01:30]} Rb6 {[%emt 0:01:09]} 34. Qxd7 {[%emt 0:01:11]} Rxd7 {[%emt 0:00:04]} 35. Rc4 {[%emt 0:00:30]} Rxa6 {[%emt 0:01:42]} 36. Rcxd4 {[%emt 0:00:07]} 1/2-1/2

[Event "Steinthor Baldursson memorial 2018"]
[Site "?"]
[Date "2018.01.05"]
[Round "3"]
[White "Jazdanovs, Aleksandrs"]
[Black "Beerdsen, Thomas"]
[Result "1/2-1/2"]
[WhiteElo "2218"]
[BlackElo "2416"]
[Annotator "TA"]
[PlyCount "71"]
[EventDate "2018.??.??"]
[EventType "swiss"]
[EventCountry "ISL"]
[SourceTitle "Kopavogur"]

{[%evp 19,71,33,66,37,41,28,37,8,8,0,0,0,0,0,0,0,2,0,0,4,4,0,4,0,0,14,12,0,0,-106,0,-54,-55,-39,-48,-50,0,-3,0,0,0,0,0,0,0,0,8,7,8,0,0,0,10,0]} 1. e4 c5 2. Nf3 e6 3. d4 cxd4 4. Nxd4 a6 5. Nc3 b5 6. g3 Bb7 7. Bg2 b4 8. Na4 {B43: Sizilianisch (Paulsen-Variante)} Nf6 9. Qe2 (9. O-O Bxe4 10. Bxe4 Nxe4 11. Re1 d5 12. Qh5 Qf6 13. Be3 Nd7 14. f3 g6 15. Qg4 h5 16. Qh3 Nd6 17. Rad1 Be7 18. Nxe6 Qxe6 19. Qg2 Nf5 20. Bg5 Qc6 21. Bxe7 Nxe7 22. Qe2 O-O {0-1 (22) Jovanovic,Z (2534)-Andreikin,D (2737) Tallinn 2016}) 9... Nc6 10. Nb3 d6 {LiveBook: 6 Partien} 11. Be3 Nd7 12. O-O Be7 13. a3 $146 ({Vorgänger:} 13. Rad1 Qc7 14. c3 a5 15. f4 O-O {0-1 (45) Lopez Pereyra,A (2165)-Illijin,N (2244) Santa Cruz de la Palma 2005}) 13... a5 14. axb4 axb4 {Und ...La6 würde nun gewinnen.} 15. Qb5 Rb8 16. Nb6 Nxb6 17. Bxb6 Qc8 18. f4 O-O 19. Rfd1 h6 20. Qe2 Ra8 21. Rxa8 Qxa8 22. Bc7 Qa2 23. Qb5 Ba8 24. Bxd6 (24. e5 $1 $11 {bleibt in der Remisbreite.} d5 25. Bd6) 24... Qxb2 (24... Bxd6 $17 25. Rxd6 Qb1+ 26. Qf1 Qxc2) 25. Bxe7 (25. Qc5 $11 Bxd6 26. Rxd6) 25... Qxc2 $15 26. Rd2 Qb1+ 27. Kf2 Nxe7 (27... Rb8 $5 {[%cal Rb8b5]} 28. Qe2 Qxb3 $11) 28. Qxb4 {Die Stellung ist ausgeglichen.} Ng6 29. Qc4 Rb8 30. Qd3 Rxb3 31. Qxb1 Rxb1 32. Rd8+ Kh7 33. Rxa8 Rb2+ 34. Kf3 Rb3+ 35. Kf2 Rb2+ 36. Kf3 {Precision: Weiß = 52%, Schwarz = 68%.} 1/2-1/2

[Event "Steinthor Baldursson memorial 2018"]
[Site "?"]
[Date "2018.01.05"]
[Round "3"]
[White "Jonsson, Gauti Pall"]
[Black "Davidsson, Oskar Vikingur"]
[Result "1-0"]
[WhiteElo "2161"]
[BlackElo "1854"]
[PlyCount "131"]
[EventDate "2018.??.??"]
[EventType "swiss"]
[EventCountry "ISL"]
[SourceTitle "Kopavogur"]
[TimeControl "5400+30"]
[WhiteClock "0:53:12"]
[BlackClock "0:19:50"]

1. e4 {[%emt 0:00:00]} c5 {[%emt 0:00:00]} 2. Nc3 {[%emt 0:00:00]} e6 {[%emt 0:00:00]} 3. f4 {[%emt 0:00:08]} d5 {[%emt 0:00:00]} 4. Nf3 {[%emt 0:00:39]} Nc6 {[%emt 0:00:06]} 5. Bb5 {[%emt 0:01:06]} Nge7 {[%emt 0:01:12]} 6. exd5 {[%emt 0:01:45]} exd5 {[%emt 0:00:07]} 7. Qe2 {[%emt 0:00:33]} f6 {[%emt 0:00:39]} 8. Bxc6+ {[%emt 0:03:14]} bxc6 {[%emt 0:00:11]} 9. O-O {[%emt 0:01:15]} Kf7 {[%emt 0:00:32]} 10. b3 {[%emt 0:03:09]} Ng6 {[%emt 0:01:23]} 11. g3 {[%emt 0:01:10]} Bd6 {[%emt 0:01:39]} 12. d3 {[%emt 0:03:33]} Re8 {[%emt 0:01:39]} 13. Qf2 {[%emt 0:01:20]} Bh3 {[%emt 0:02:10]} 14. Re1 {[%emt 0:01:37]} Rxe1+ {[%emt 0:02:26]} 15. Nxe1 {[%emt 0:00:52]} Qe7 {[%emt 0:01:14]} 16. Bd2 {[%emt 0:01:34]} Re8 {[%emt 0:02:31]} 17. Nf3 {[%emt 0:01:23]} Bg4 {[%emt 0:01:24]} 18. Re1 {[%emt 0:01:11]} Qd7 {[%emt 0:00:12]} 19. Rxe8 {[%emt 0:00:50]} Qxe8 {[%emt 0:00:06]} 20. Na4 {[%emt 0:01:49]} Qe7 {[%emt 0:00:39]} 21. Ne1 {[%emt 0:01:43]} h5 {[%emt 0:01:33]} 22. Ng2 {[%emt 0:01:57]} d4 {[%emt 0:03:24]} 23. Nb2 {[%emt 0:05:02]} Qe6 {[%emt 0:00:47]} 24. Nc4 {[%emt 0:01:55]} Bc7 {[%emt 0:01:02]} 25. Qe1 {[%emt 0:01:29]} Ne7 {[%emt 0:01:46]} 26. Qxe6+ {[%emt 0:01:40]} Kxe6 {[%emt 0:00:06]} 27. Kf2 {[%emt 0:01:31]} Nd5 {[%emt 0:01:01]} 28. a3 {[%emt 0:01:33]} Bd8 {[%emt 0:02:11]} 29. Ne1 {[%emt 0:05:17]} Bc7 {[%emt 0:01:21]} 30. Kg2 {[%emt 0:00:42]} Kd7 {[%emt 0:02:52]} 31. h3 {[%emt 0:01:45]} Be6 {[%emt 0:00:11]} 32. Nf3 {[%emt 0:00:57]} Ne7 {[%emt 0:00:26]} 33. Nb2 {[%emt 0:06:33]} Ng6 {[%emt 0:00:38]} 34. Nd1 {[%emt 0:01:02]} Bd5 {[%emt 0:01:28]} 35. Kf2 {[%emt 0:02:30]} Bd6 {[%emt 0:00:28]} 36. f5 {[%emt 0:04:19]} Bxf3 {[%emt 0:01:25]} 37. Kxf3 {[%emt 0:00:10]} Ne5+ {[%emt 0:00:21]} 38. Ke4 {[%emt 0:01:58]} Nf7 {[%emt 0:01:24]} 39. Bf4 {[%emt 0:01:30]} Bxf4 {[%emt 0:00:09]} 40. Kxf4 {[%emt 0:00:11]} Kd6 {[%emt 0:00:44]} 41. Nf2 {[%emt 0:01:45]} Ne5 {[%emt 0:03:09]} 42. Ne4+ {[%emt 0:03:59]} Kd5 {[%emt 0:00:06]} 43. g4 {[%emt 0:00:40]} hxg4 {[%emt 0:03:24]} 44. hxg4 {[%emt 0:00:21]} Nf7 {[%emt 0:00:10]} 45. Kg3 {[%emt 0:02:57]} Ng5 {[%emt 0:02:00]} 46. Nd2 {[%emt 0:02:15]} Nf7 {[%emt 0:01:57]} 47. Kh4 {[%emt 0:00:47]} Ke5 {[%emt 0:02:04]} 48. Kh5 {[%emt 0:01:38]} Nh6 {[%emt 0:00:16]} 49. Ne4 {[%emt 0:00:54]} c4 {[%emt 0:06:00]} 50. bxc4 {[%emt 0:01:06]} a6 {[%emt 0:00:15]} 51. Nc5 {[%emt 0:03:52]} Kf4 {[%emt 0:00:15]} 52. Ne6+ {[%emt 0:00:22]} Kg3 {[%emt 0:00:05]} 53. Nxd4 {[%emt 0:00:53]} Nxg4 {[%emt 0:00:08]} 54. Nxc6 {[%emt 0:01:34]} Ne3 {[%emt 0:00:10]} 55. Ne7 {[%emt 0:00:23]} Nxc2 {[%emt 0:02:13]} 56. Kg6 {[%emt 0:02:26]} Nxa3 {[%emt 0:00:34]} 57. Kxg7 {[%emt 0:00:19]} Nc2 {[%emt 0:00:30]} 58. Kxf6 {[%emt 0:00:58]} a5 {[%emt 0:00:07]} 59. Nd5 {[%emt 0:00:17]} a4 {[%emt 0:00:56]} 60. Nc3 {[%emt 0:00:26]} a3 {[%emt 0:00:10]} 61. Kg7 {[%emt 0:00:45]} Nd4 {[%emt 0:00:22]} 62. f6 {[%emt 0:00:31]} Kf3 {[%emt 0:01:32]} 63. f7 {[%emt 0:00:25]} Ne6+ {[%emt 0:00:17]} 64. Kf6 {[%emt 0:00:27]} Nf8 {[%emt 0:00:04]} 65. c5 {[%emt 0:01:33]} Nd7+ {[%emt 0:01:07]} 66. Ke7 {[%emt 0:00:45]} 1-0